Statistiche per Stati UE dove non si usa l'Euro

Clicka qui per fare il quiz!

Statistiche generali

  • Questo quiz è stato fatto 33 volte
  • Il punteggio medio è 4 su 7

Statistiche sulle risposte

Stato% Corretto
Svezia
80%
Ungheria
67%
Polonia
57%
Romania
57%
Bulgaria
53%
Danimarca
50%
Repubblica Ceca
43%

Distribuzione punteggi

Percentile per numero di risposta

Percentuale di utenti per punteggio

I tuoi punteggi nel tempo

Non hai fatto questo quiz